| 000 | 01213cam a2200325 a 4500 | ||
|---|---|---|---|
| 001 | 17335162 | ||
| 003 | ARRUPE | ||
| 005 | 20160817113107.0 | ||
| 008 | 120607s2011 ug ab b 000 0 eng | ||
| 010 | _a 2012314114 | ||
| 020 | _a9789970250349 | ||
| 040 |
_aDLC _cDLC _dDLC |
||
| 042 |
_alcode _apcc |
||
| 043 | _af-ug--- | ||
| 050 | 0 | 0 |
_aGN659.U3 _bN95 2011 |
| 100 | 1 |
_aNzita, Richard. _925197 |
|
| 245 | 1 | 0 |
_aPeoples, and cultures of Uganda / _c[writers/researchers Richard Nziza, Mbaga-Niwampa, David Mukholi]. |
| 250 | _a4th ed. | ||
| 260 |
_aKampala : _bFountain Publishers Ltd., _c2011. |
||
| 300 |
_a211 p. : _bcol. ill, col. maps ; _c26 cm. |
||
| 504 | _aIncludes bibliographical references (p. 210-211). | ||
| 650 | 0 |
_aEthnology _zUganda _vClassification. _925198 |
|
| 650 | 0 |
_aUganda _xSocial life and customs. _925199 |
|
| 700 | 0 |
_aMbaga-Niwampa. _925200 |
|
| 700 | 1 |
_aMukholi, David. _925201 |
|
| 856 | 4 | 1 |
_3Table of contents only _uhttp://www.loc.gov/catdir/toc/fy13pdf02/2012314114.html |
| 906 |
_a7 _bcbc _corigode _d3 _encip _f20 _gy-gencatlg |
||
| 942 |
_2lcc _cMONOGRAPH |
||
| 999 |
_c125050 _d125050 |
||